Score 0/12 Timer 03:00
0 Plays Today
State President % Correct
ArkansasBill Clinton
94.4%
HawaiiBarack Obama
93.9%
GeorgiaJimmy Carter
80.7%
CaliforniaRichard Nixon
73.8%
KentuckyAbraham Lincoln
67.2%
MissouriHarry Truman
64.8%
ConnecticutGeorge W. Bush
57.2%
IllinoisRonald Reagan
46.3%
IowaHerbert Hoover
39.5%
NebraskaGerald Ford
38%
New HampshireFranklin Pierce
37.9%
New JerseyGrover Cleveland
26.9%
Remove Ads.
Support Sporcle.
Get the best of Sporcle when you Go Orange. This ad-free experience offers more features, more stats, and more fun while also helping to support Sporcle. Thank you for becoming a member.

You're not logged in!

Compare scores with friends on all Sporcle quizzes.
OR
Log In

Show Comments

Extras

Top Quizzes Today


Score Distribution

Your Account Isn't Verified!

In order to create a playlist on Sporcle, you need to verify the email address you used during registration. Go to your Sporcle Settings to finish the process.

Report this User

Report this user for behavior that violates our Community Guidelines.

Details: